Obálka
Pro půjčování e-knih musíte být přihlášeni.
Jak si půjčit online?

Tajemství jeskyně pokladů /

Vojta s Jindrou jsou přátelé na život a na smrt. Když spolu objeví tajemný vzkaz a najdou ukrytý sešit s popisem cesty do jeskyně pokladů, vydají se okamžitě najít ten záhadný poklad. Co si asi tak za něj koupí? Ale s pokladem je to trochu jinak… dvanáctiletí průzkumníci nakonec musí bojovat o holý...

Celý popis

Uloženo v:
Hlavní autor: Ing Šlik, Petr Hugo (Autor)
Další autoři: Brousek, Ondřej (Autor)
Médium: E-audiokniha
Vydáno: Praha : Albatros Media a.s., 2024
Tagy:
Žádné tagy
LEADER 02767nim a22005417i 4500
001 313376
007 sr nunnnnnnned
024 |a 9788000075990 
044 |a xr 
100 1 |a Ing Šlik, Petr Hugo  |4 aut 
245 1 0 |a Tajemství jeskyně pokladů /  |c Ing Šlik, Petr Hugo 
264 1 |a Praha :  |b Albatros Media a.s.,  |c 2024 
300 |a 1 online zdroj (3 hod., 47 min., 0 sek.) 
336 |a mluvené slovo  |b spw  |2 rdacontent 
337 |a audio  |b s  |2 rdamedia 
338 |a online zdroj  |b cr  |2 rdacarrier 
505 0 0 |t 01_Na Klarov pada tma (9 min., 25 sek.) 
505 0 0 |t 02_Vojta zachranuje Jindru (7 min., 45 sek.) 
505 0 0 |t 03_Tajemný vzkaz (8 min., 20 sek.) 
505 0 0 |t 04_Most pres minulost (10 min., 43 sek.) 
505 0 0 |t 05_Vyprava_pod_most (6 min., 49 sek.) 
505 0 0 |t 06_Voda ho vzala (9 min., 39 sek.) 
505 0 0 |t 07_Vyprava do podzemi (9 min., 6 sek.) 
505 0 0 |t 08_Kroky ve tme (6 min., 49 sek.) 
505 0 0 |t 09_Tonduv zapisnik (12 min., 1 sek.) 
505 0 0 |t 10_Okrouhla ulice (7 min., 18 sek.) 
505 0 0 |t 11_Sachy U Hoftychu (7 min., 45 sek.) 
505 0 0 |t 12_Odpoledne v tresnovce (5 min., 36 sek.) 
505 0 0 |t 13_Hledani ztraceneho casu (9 min., 54 sek.) 
505 0 0 |t 14_Podivna zadost pana Krejcire (8 min., 13 sek.) 
505 0 0 |t 15_Jindra jde za tatou (8 min., 59 sek.) 
505 0 0 |t 16_Druha vyprava do Okrouhle ulice (8 min., 46 sek.) 
505 0 0 |t 17_Tereza (8 min., 58 sek.) 
505 0 0 |t 18_Historie klarovskych altanku (9 min., 52 sek.) 
505 0 0 |t 19_Jindra se pere (8 min., 40 sek.) 
505 0 0 |t 20_Velke odhaleni (10 min., 51 sek.) 
505 0 0 |t 21_Pan Krejcir vypravuje (12 min., 0 sek.) 
505 0 0 |t 22_Podivna vestba (8 min., 0 sek.) 
505 0 0 |t 23_Hadka v nepravy cas (7 min., 38 sek.) 
505 0 0 |t 24_Zaziva pohrbeni (10 min., 13 sek.) 
505 0 0 |t 25_Poklad (6 min., 18 sek.) 
505 0 0 |t 26_Tajemstvi maleho kamene (7 min., 8 sek.) 
520 2 |a Vojta s Jindrou jsou přátelé na život a na smrt. Když spolu objeví tajemný vzkaz a najdou ukrytý sešit s popisem cesty do jeskyně pokladů, vydají se okamžitě najít ten záhadný poklad. Co si asi tak za něj koupí? Ale s pokladem je to trochu jinak… dvanáctiletí průzkumníci nakonec musí bojovat o holý život. Napínavý příběh děti naučí, že nejcennější poklady nelze přepočítat na peníze. 
700 1 |a  Brousek, Ondřej  |4 nrt 
910 |a RBIT002 
998 |d 415795  |a https://core.palmknihy.cz/api/books/415795/cover?sn86bq  |b https://core.palmknihy.cz/api/books/415795/cover/400?sn86bq  |c https://core.palmknihy.cz/api/books/415795/cover/50?sn86bq  |e 2031-12-31  |i 9788000075990  |l 13620  |q 49  |r 1  |s https://www.palmknihy.cz/kniha/415795  |t audiobook  |y 2024  |z 1 
999 |d 313374